Household indebtedness in Malaysia /
Saved in:
| Main Author: | |
|---|---|
| Format: | Thesis Book |
| Language: | English |
| Published: |
2014
|
| Subjects: | |
| Tags: |
Add Tag
No Tags, Be the first to tag this record!
|
| LEADER | 01107cam a2200313 i 4500 | ||
|---|---|---|---|
| 001 | u1006071 | ||
| 003 | SIRSI | ||
| 005 | 201410281204 | ||
| 008 | 141028s2014 my a t 000 0 eng m | ||
| 040 | |a UMM |e rda | ||
| 043 | |a a-my--- | ||
| 090 | |a HB71 |b UM 2014 Nursr | ||
| 100 | 0 | |a Nur Syazana Rusli, |e author. | |
| 245 | 1 | 0 | |a Household indebtedness in Malaysia / |c Nur Syazana binti Rusli. |
| 264 | 1 | |c 2014 | |
| 264 | 4 | |c 2014 | |
| 300 | |a x, 81 leaves : |b illustrations ; |c 30 cm. | ||
| 336 | |a text |2 rdacontent | ||
| 337 | |a unmediated |2 rdamedia | ||
| 338 | |a volume |2 rdacarrier | ||
| 502 | |b M.Ec. |c Fakulti Ekonomi dan Pentadbiran, Universiti Malaya |d 2014. | ||
| 504 | |a Bibliography: leaves 38-39. | ||
| 650 | 0 | |a Households |x Economic aspects |z Malaysia. | |
| 650 | 0 | |a Debt |z Malaysia. | |
| 650 | 0 | |a Families |x Economic aspects |z Malaysia. | |
| 710 | 2 | |a Universiti Malaya. |b Fakulti Ekonomi dan Pentadbiran, |e degree granting institution. | |
| 902 | |a HA-ZA | ||
| 596 | |a 1 | ||
| 999 | |a HB71 UM 2014 NURSR |w LC |c 1 |i A516053044 |d 17/3/2020 |e 17/3/2020 |f 27/8/2015 |g 1 |l STACKS |m P01UTAMA |n 13 |r Y |s Y |t TESIS |u 26/8/2015 |1 AHSS | ||
